Educación infantil : contenidos, procesos y experiencias /

Guardado en:
Autor Principal: Sáinz, María del Carmen
Otros Autores: Argos, Javier
Formato: Libro
Publicado: Madrid : Narcea, 1998
Materias:
Etiquetas: Agregar Etiqueta
Sin Etiquetas, Sea el primero en etiquetar este registro!
LEADER 01618nam a22002175a 4500
001 CEM.cems010338
005 20080520111903.0
008 130507s1998##################000#0#####d
003 CEMS
020 |a 8427712413 
082 0 4 |a 372.21 
100 1 |a Sáinz, María del Carmen 
245 1 0 |a Educación infantil :  |b contenidos, procesos y experiencias /  |c María Del Carmen Sáinz y Javier Argos 
260 |a Madrid :  |b Narcea,  |c 1998 
300 |a 314 p. 
505 0 |a Aspectos evolutivos -- Bases biológicas del desarrollo psicomotor. La cría humana es más que un mono desnudo / Joaquín Lobera -- Educación afectivo-sexual: sexualidad infantil / Teresa Franco -- La educación afectivo-sexual en el currículo de Educación Infantil / Teresa Franco -- Del desarrollo al autogobierno mental / María del Carmen Sáinz -- Aspectos didácticos -- La matemática y su lenguaje / Estela d'Angelo -- Poesía y escuela infantil, un binomio significativo / Elena Echeverría -- Del mundo sonoro al musical para los más pequeños / María Camelia Calvo -- El ámbito corporal en la escuela infantil / Marcelino Vaca -- Asomarse a la imagen. La ventana audiovisual / Isaac Francés -- De la mirada y la creatividad plástica / Alberto Muñoz -- El espacio en la escuela infantil: algo que debe cuestionarse para educar mejor / María Pilar Ezquerra -- Escuela infantil y escuela primaria. Entre la continuidad y el desencuentro / Javier Argos 
653 |a Educación 
653 |a Nivel inicial 
653 |a Didáctica nivel inicial 
700 1 |a Argos, Javier 
859 |a CEMS  |b BIB. CEMS - 11 de abril  |h 372.21  |i Sa28  |p 20787.00  |t Ej.1